000 01056namaa2200325 cb4500
001 BV005305351
003 DE-70
005 20251024185834.0
007 tu
007 7
008 920527s1980 a||| |||| 00||| und d
020 _a9783839413555
_9978-3-8394-1355-5
024 _a9783839413555
_a978-3-8394-1355-5
040 _cRU-10907106
041 _ager
100 _aJouini, Angela
_4aut
_967437
245 _aDigitale Ästhetiken im Film
_bFilmischer Realismus im Zeitalter digitaler Medien
_cAngela Jouini
250 _aAuflage - Neueauflage
264 _aBielefeld
_btranscript
_c2025
300 _a336 Seiten
336 _2rdacontent
_btxt
_aText
337 _2rdamedia
_bbc
_aComputermedien
338 _2rdacarrier
_bcr
_aOnline Ressource
490 _aFilm
500 _aE-Book / Open Access
506 _afrei zugänglich / Bitte beachten Sie die Lizenzbestimmungen im Dokument
655 _aOpen Access
856 _zfrei zugänglich
_uhttps://www.transcript-verlag.de/media/pdf/e4/d1/6d/oa9783839413555.pdf
942 _cEB
_2z
999 _c73085
_d73085